La prosa narrativa de Jorge Luis Borges : temas-estilo /
Tallennettuna:
| Päätekijä: | |
|---|---|
| Aineistotyyppi: | Kirja |
| Kieli: | Spanish |
| Julkaistu: |
Madrid :
Gredos,
c1974.
|
| Painos: | 2. edición aumentada |
| Sarja: | Biblioteca románica hispánica : 2, Estudios y ensayos ;
112 |
| Aiheet: | |
| Tagit: |
Lisää tagi
Ei tageja, Lisää ensimmäinen tagi!
|
MARC
| LEADER | 00000cam a2200000 i 4500 | ||
|---|---|---|---|
| 001 | 2290867 | ||
| 005 | 20140630064510.0 | ||
| 008 | 790712s1974 sp b 001 0 spa | ||
| 020 | |a 8424905970 (pbk.) | ||
| 020 | |a 8424905989 | ||
| 040 | |a DLC |c DLC |d cru CIICLA Universidad de Costa Rica | ||
| 082 | 0 | 0 | |a Ar863.4D |b B732a2 |
| 100 | 1 | |a Alazraki, Jaime. | |
| 245 | 1 | 3 | |a La prosa narrativa de Jorge Luis Borges : |b temas-estilo / |c Jaime Alazraki. |
| 250 | |a 2. edición aumentada | ||
| 260 | |a Madrid : |b Gredos, |c c1974. | ||
| 300 | |a 437 páginas | ||
| 490 | 0 | |a Biblioteca románica hispánica : 2, Estudios y ensayos ; |v 112 | |
| 500 | |a Incluye índice | ||
| 504 | |a Bibliografía: páginas [407]-421. | ||
| 600 | 1 | 0 | |a BORGES, JORGE LUIS |d 1899-1986 |x CRITICA E INTERPRETACION |
| 942 | |2 ddc |c BK | ||
| 999 | |c 3337 |d 3337 | ||



